[Event "Solta op 6th"]
[Site "Grohote"]
[Date "2023.06.28"]
[Round "2"]
[White "Kuzmic, Borna Zvonimir"]
[Black "Zivkovic, Mihovil"]
[Result "0-1"]
[WhiteElo "1126"]
[BlackElo "1719"]
[PlyCount "42"]
[EventDate "2023.06.27"]
[EventType "swiss"]
[EventRounds "9"]
[EventCountry "CRO"]
[SourceTitle "EXT 2024"]
[Source "ChessBase"]
[SourceDate "2023.10.10"]
[SourceVersion "1"]
[SourceVersionDate "2023.10.10"]
[SourceQuality "1"]

1. e4 e5 2. Nf3 Nc6 3. Bc4 Bc5 4. Nc3 Nf6 5. d3 h6 6. 0-0 d6 7. h3 0-0 8. Be3 Bb6 9. d4 exd4 10. Bxd4 Nxd4 11. Nxd4 Nxe4 12. Nxe4 d5 13. Nb5 dxe4 14. Re1 Qh4 15. Qe2 Bf5 16. Nc3 c6 17. Kh1 Bxf2 18. Rf1 e3 19. Qf3 Qxc4 20. Qxf5 Rfe8 21. Qf3 Rad8 0-1

[Event "CRO-ch U11"]
[Site "Trogir"]
[Date "2020.08.24"]
[Round "1"]
[White "Kucelj, Kevin"]
[Black "Kuzmic, Borna Zvonimir"]
[Result "1-0"]
[WhiteElo "1413"]
[BlackElo "1717"]
[PlyCount "97"]
[EventDate "2020.08.24"]
[EventType "swiss"]
[EventRounds "9"]
[EventCountry "CRO"]
[SourceTitle "CBM 198 Extra"]
[Source "ChessBase"]
[SourceDate "2020.11.30"]
[SourceVersion "1"]
[SourceVersionDate "2020.11.30"]
[SourceQuality "1"]

1. d4 d5 2. e3 Nc6 3. Bd3 Nf6 4. Nd2 h6 5. f4 a6 6. Ngf3 Bg4 7. 0-0 e6 8. Qe1 Nb4 9. a3 Nc6 10. Qg3 Bf5 11. Bxf5 exf5 12. Nb3 Ne4 13. Qe1 Bd6 14. Nfd2 0-0 15. Nxe4 fxe4 16. Nc5 Rb8 17. Qg3 Qe7 18. b4 a5 19. Qg4 b6 20. f5 f6 21. Ne6 Rf7 22. b5 Nd8 23. Nxd8 Rxd8 24. a4 Bb4 25. Qg6 Qf8 26. Rf4 Re7 27. Rh4 Qf7 28. Qg4 Kf8 29. Ba3 Bxa3 30. Rxa3 Ke8 31. Ra1 Rd6 32. Rf1 c6 33. Qf4 Red7 34. Rb1 g5 35. fxg6 Qxg6 36. Rxh6 Qg5 37. bxc6 Rxc6 38. Qb8+ Ke7 39. Rh7+ Ke6 40. Qe8+ Kf5 41. Rh5 Rdd6 42. Rxg5+ Kxg5 43. Qg8+ Kh6 44. Rf1 Rxc2 45. Qf8+ Kg5 46. Qxd6 Kg6 47. Qxf6+ Kh5 48. Rf5+ Kg4 49. Qg5# 1-0